| 000 | 005460000a22001810004500 | ||
|---|---|---|---|
| 001 | 002560 | ||
| 003 | MACL | ||
| 005 | 20150704144815.0 | ||
| 008 | 150704b xxu||||| |||| 00| 0 eng d | ||
| 040 |
_aMACL _cMACL |
||
| 041 | _aEnglish | ||
| 100 |
_aNational Book Trust, _9337 |
||
| 245 |
_aThe Communal Problem _bThe Report Committee appointed by the National Congress to Enquiry into the Kanpur Riots _cNational Book Trust |
||
| 260 |
_aNational Book Trust, _c2007 _bNew delhi |
||
| 350 | _a85 | ||
| 650 |
_aSociology _919 |
||
| 942 |
_k301 _cBK _2ddc |
||
| 999 |
_c14469 _d14469 |
||